00794nam a22002057b 4500001001500000003000900015005001700024008004100041020001800082040002800100041000800128082001700136245022800153260005900381300004500440490002600485650003000511700002800541700001900569bimo0002115002CO-ViMGA20230915234536.0060629s2005 sp | ||| ||spa  a9788489872691 aCO-ViMGAbspacCO-ViMGA1 heng04a741.5 bL22r00aX-Men, retorno a la era de Apocalipsish[Texto impreso]cScott Lobdell ... [et al.], guion ; Alvin Lee ... [et al.], dibujo ; Scott Hepburn ... [et al.], tinta ; Gary Yeung ... [et al.], color ; Jose M̌. Mendez, traduccion aTorroella de Montgri (Girona)bPanini Españac[2006] a[184] p.bprincipalmente il. col.c26 cm0 aColeccion 100% Marvel14aHistorietas, Comics, etc.1 aLee, Alvinc(dibujante)1 aLobdell, Scott